00593nam a22002057a 450000500170000001000130001702000220003003500130005203700160006504000120008108200170009310000110011024500600012126000430018127000400022430000300026450000200029465000210031465000520033520170124110240.0 aA-354683 c00.00a8170172284 aA-354683 bCen Lib/Ret aDPLbEN a730.954bKAL aKala,  aEpic scenes in Indian plastic art /cby Jayantika Kala  aNew DelhibAbhinav Publications c1988 bNew DelhiaE-37, Hauz Khas e110016 axi,107p.:c23cm(Hb)bill. aincludes index  aSculpture, Indic aVālmīki. -- Rāmāyaṇa -- Illustrations